[Event "Wch U12 rapid"]
[Site "Minsk"]
[Date "2018.06.22"]
[Round "1"]
[White "Suyash, Srikanta Prasad"]
[Black "Makoveev, Ilya"]
[Result "0-1"]
[WhiteElo "1445"]
[BlackElo "2145"]
[PlyCount "122"]
[EventDate "2018.06.22"]
[EventType "swiss (rapid)"]
[EventRounds "9"]
[EventCountry "BLR"]
[SourceTitle "EXT 2019"]
[Source "ChessBase"]
[SourceDate "2018.10.10"]
[SourceVersion "1"]
[SourceVersionDate "2018.10.10"]
[SourceQuality "1"]

1. e4 c5 2. Nf3 d6 3. d4 cxd4 4. Nxd4 Nf6 5. Nc3 a6 6. Be2 e5 7. Nb3 Be7 8. 0-0 0-0 9. Kh1 Be6 10. Be3 Nbd7 11. Bf3 Rc8 12. Qe2 Bc4 13. Qd2 Bxf1 14. Rxf1 Nc5 15. Nxc5 dxc5 16. Qxd8 Rfxd8 17. Be2 b5 18. a4 c4 19. f3 b4 20. Na2 a5 21. Bb6 Rd2 22. Bd1 Bc5 23. Bxc5 Rxc5 24. Nc1 Rc8 25. b3 c3 26. Nd3 Rxd3 27. cxd3 c2 28. Bxc2 Rxc2 29. h3 Rc3 30. Rd1 Rxb3 31. d4 exd4 32. Rxd4 Rb1+ 33. Kh2 g6 34. Rd8+ Kg7 35. Ra8 Nd7 36. Rxa5 Nb6 37. Ra6 Nc4 38. Ra8 b3 39. a5 b2 40. Rb8 Nxa5 41. Kg3 Nc4 42. Rb4 Rc1 43. Rxb2 Nxb2 44. Kf4 Kf6 45. e5+ Ke6 46. g4 Nd3+ 47. Ke4 Nxe5 48. f4 Rc4+ 49. Ke3 Nc6 50. Kf3 Rc3+ 51. Kg2 Kd5 52. Kf2 Ke4 53. f5 Rc2+ 54. Ke1 Ke3 55. Kd1 Rh2 56. Kc1 Kd3 57. Kb1 Kc3 58. fxg6 hxg6 59. h4 Rxh4 60. g5 Rh1+ 61. Ka2 Nb4+ 0-1